Tekst piosenki ''Przez twe oczy zielone'' - Statystyki

Ogólne statystyki
  • Ten quiz został rozwiązany 799 razy
  • Średni wynik to 21 z 24
Statystyki odpowiedzi
Tekst: Brakujące Słowa: % Poprawnych
Jak do tego doszło, nie ...? Wiem
99%
Nie mogę ..., nie mogę spać Jeść
98%
Przez twe oczy, te oczy zielone ... Oszalałem
98%
Przez twe oczy, te oczy zielone ... Oszalałem
98%
... o sobie dała znać Miłość
97%
Tak ..., ... się można tylko raz Zakochać
96%
Tak ..., ... się można tylko raz Zakochać
96%
Że miłość przyszła właśnie ... Dziś
95%
Gwiazdy chyba twym oczom ... cały blask Oddały
95%
Gwiazdy chyba twym oczom ... cały blask Oddały
95%
Co ... mogę na to Poradzić
95%
Że w ... mym jest lato Sercu
95%
A w moich ... jesteś ty Myślach
93%
... zobaczyłem ciebie Odkąd
92%
A ja serce miłości ... ci oddałem Spragnione
90%
A ja serce miłości ... ci oddałem Spragnione
90%
Serce me dla ciebie ... Bije
86%
U ... Ci złożę cały świat Stóp
86%
O twą miłość będę ... Walczył
84%
O miłość ... to nie wstyd Walczyć
82%
W mych ... cię ukryję Ramionach
77%
I czeka na twój mały ... Znak
74%
Jeden ... twój wystarczy Uśmiech
72%
I moje serce ... rytm Gubi
64%
Nie znaleziono quizów pasujących do podanych kryteriów
Rozkład punktacji
Procent ludzi z każdym wynikiem
Percentyl według liczby udzielonych odpowiedzi
Twoja historia wyników
Nie rozwiązałeś tego quizu